History Quiz

Random History or War Quiz

Sad Days in History Quiz Stats

 Plays Quiz Updated Aug 18, 2015

Challenge
Share
Tweet
Embed
Score 0/16 Timer 04:00
1 Play Today
% Correct
World Trade Center Attack (By planes)
91.5%
Assassination of John F. Kennedy
84.2%
German invasion of Poland
80.4%
Atomic bombing of Hiroshima
78.1%
Sinking of RMS Titanic
77.6%
Assassination of Franz Ferdinand of Austria
77.4%
Assassination of Robert Kennedy
71.5%
Atomic bombing of Nagasaki
71.1%
% Correct
World Trade Center Attack (By truck)
69.9%
Olympic Games massacre in Munich
67.8%
Olympic Park bombing in Atlanta
66.7%
Sinking of RMS Lusitania
57.4%
Bloody Sunday (Russia)
50%
Sport team Lokomotiv Jaroslav's aircraft crashed
49.4%
Sport team Manchester United's aircraft crashed
45.3%
Bloody Sunday (Northern Ireland)
36.5%

You're not logged in!

Compare scores with friends on all Sporcle quizzes.
OR
Log In

You Might Also Like...

Show Comments

Extras

Top Quizzes Today


Score Distribution

Your Account Isn't Verified!

In order to create a playlist on Sporcle, you need to verify the email address you used during registration. Go to your Sporcle Settings to finish the process.

Report this User

Report this user for behavior that violates our Community Guidelines.

Details: